[Event "Belem Regional Norte"]
[Site "Belem"]
[Date "2016.03.19"]
[Round "4"]
[White "De Amorim, Genaro Jose Melo"]
[Black "Nunes, Marcela Andreia Dia"]
[Result "1-0"]
[WhiteElo "1867"]
[BlackElo "1534"]
[PlyCount "31"]
[EventDate "2016.03.18"]
[EventType "swiss"]
[EventRounds "6"]
[EventCountry "BRA"]
[SourceTitle "CBM 171 Extra"]
[Source "ChessBase"]
[SourceDate "2016.04.26"]
[SourceVersion "1"]
[SourceVersionDate "2016.04.26"]
[SourceQuality "1"]

1. c4 d6 2. Nc3 e6 3. d4 Qe7 4. e4 Bd7 5. f4 Nf6 6. Nf3 h6 7. Bd3 Na6 8. a3 Rd8 9. 0-0 Rg8 10. f5 Ng4 11. h3 Nf6 12. e5 Nd5 13. cxd5 exd5 14. Nxd5 dxe5 15. Bxa6 bxa6 16. Nxc7# 1-0

[Event "Belem Regional Norte"]
[Site "Belem"]
[Date "2016.03.19"]
[Round "3"]
[White "Silveira, Leonardo Eleuterio"]
[Black "De Amorim, Genaro Jose Melo"]
[Result "1-0"]
[WhiteElo "2171"]
[BlackElo "1867"]
[PlyCount "76"]
[EventDate "2016.03.18"]
[EventType "swiss"]
[EventRounds "6"]
[EventCountry "BRA"]
[SourceTitle "CBM 171 Extra"]
[Source "ChessBase"]
[SourceDate "2016.04.26"]
[SourceVersion "1"]
[SourceVersionDate "2016.04.26"]
[SourceQuality "1"]

1. Nf3 Nf6 2. b3 d5 3. Bb2 c5 4. g3 Nc6 5. Bg2 e6 6. 0-0 Be7 7. c4 0-0 8. d3 b6 9. Nbd2 Bb7 10. a3 Qc7 11. Rc1 Rfd8 12. Qc2 d4 13. e4 e5 14. Nh4 g6 15. Ndf3 Bc8 16. Rcd1 Be6 17. Bc1 Qd7 18. Ng5 Ne8 19. Nxe6 Qxe6 20. Nf3 Na5 21. Ng5 Bxg5 22. Bxg5 f6 23. Bc1 Kg7 24. f4 Nd6 25. fxe5 fxe5 26. Rf2 Rf8 27. Rdf1 Rf7 28. b4 Nab7 29. Qa4 a5 30. Qc6 Rxf2 31. Rxf2 Qc8 32. Qxb6 axb4 33. axb4 Ra1 34. Rf1 Ra2 35. Bg5 Rb2 36. b5 Qd7 37. Bf6+ Kg8 38. Bxe5 Nf7 1-0

[Event "Belem Regional Norte"]
[Site "Belem"]
[Date "2016.03.18"]
[Round "1"]
[White "De Amorim, Genaro Jose Melo"]
[Black "Souza Neves, Andrey Marcelo"]
[Result "0-1"]
[WhiteElo "1867"]
[BlackElo "2210"]
[PlyCount "84"]
[EventDate "2016.03.18"]
[EventType "swiss"]
[EventRounds "6"]
[EventCountry "BRA"]
[SourceTitle "CBM 171 Extra"]
[Source "ChessBase"]
[SourceDate "2016.04.26"]
[SourceVersion "1"]
[SourceVersionDate "2016.04.26"]
[SourceQuality "1"]

1. c4 Nf6 2. Nc3 e6 3. e4 c5 4. e5 Ng8 5. Nf3 Nc6 6. d4 cxd4 7. Nxd4 Nxe5 8. Ndb5 f6 9. Nd6+ Bxd6 10. Qxd6 Ne7 11. Bf4 Nf5 12. Qc5 Qe7 13. Qc7 d6 14. Nb5 a6 15. Qa5 0-0 16. Rd1 Bd7 17. Nxd6 Bc6 18. Bxe5 fxe5 19. Qxe5 Nh4 20. Ne4 Rf5 21. Qd6 Qf7 22. f3 Rf8 23. Qg3 Nxf3+ 24. gxf3 Rxf3 25. Nd6 Rxf1+ 26. Rxf1 Qxf1+ 27. Kd2 Qf2+ 28. Qxf2 Rxf2+ 29. Kc3 Rxh2 30. Re1 Rh6 31. c5 Rf6 32. b4 h5 33. a4 h4 34. b5 axb5 35. axb5 Bd5 36. Kd4 h3 37. c6 bxc6 38. b6 c5+ 39. Kxc5 h2 40. b7 Rf8 41. Kb6 h1Q 42. Rxh1 Bxh1 0-1

[Event "Paraense-ch"]
[Site "Belem"]
[Date "2015.08.08"]
[Round "4"]
[White "Moraes, Nelson da Silva"]
[Black "De Amorim, Genaro Jose Melo"]
[Result "1-0"]
[WhiteElo "2234"]
[BlackElo "1912"]
[PlyCount "51"]
[EventDate "2015.08.07"]
[EventType "swiss"]
[EventRounds "6"]
[EventCountry "BRA"]
[SourceTitle "EXT 2016"]
[Source "ChessBase"]
[SourceDate "2015.10.08"]
[SourceVersion "1"]
[SourceVersionDate "2015.10.08"]
[SourceQuality "1"]

1. d4 Nf6 2. c4 g6 3. Nf3 d5 4. g3 Bg7 5. Bg2 0-0 6. cxd5 Nxd5 7. 0-0 Na6 8. Nc3 Nxc3 9. bxc3 c5 10. Bf4 Qa5 11. Qb3 Be6 12. Qxb7 Bc4 13. Rfe1 e6 14. Nd2 Bd5 15. Bxd5 exd5 16. Nb3 Qa4 17. Qxd5 cxd4 18. cxd4 Nb4 19. Qc4 Rac8 20. Nc5 Rxc5 21. dxc5 Bxa1 22. Rxa1 Rd8 23. Bh6 Rd1+ 24. Rxd1 Qxd1+ 25. Kg2 Nd5 26. c6 1-0